000 00609nam a22002177a 4500
003 UA-OsUOA
001 67097
007 ta
008 20100210b un ||||| |||| 00| 0 ukr d
100 _aБарановський О.
090 _a330
_bБ24
942 _cSA
040 _aUA-OsUOA
_bukr
_cUA-OsUOA
_dUA-OsUOA
245 _aБанківські кризи: сутність, фактори виникнення та особливості прояву
300 _aС.34-48
955 _a0
041 _aukr
080 _a330
773 0 _w67095
650 7 _a330 Економіка взагалі
_2UDC
999 _c353210
_d353210